Southville International School and Colleges
Your cart is empty.
  • Cart
  • Lists
    Public lists Eva Luna New books Lux_list list_1
    Your lists Log in to create your own lists
  • Log in to your account
  • Your cookies
  • Search history
Southville International School and Colleges
  • Advanced search
  • Recent comments
  • Most popular
  • Libraries

Log in to your account

Log in with GOOGLE


If you do not have an external account, but do have a local account, you can still log in:

  1. Home
  2. MARC view: The Watsons go to Birmingham--1963 /
Normal view MARC view ISBD view

The Watsons go to Birmingham--1963 / (Record no. 47427)

[ view plain ]
MARC details
000 -LEADER
fixed length control field 01305pam a2200361 a 4500
001 - CONTROL NUMBER
control field 2559105
003 - CONTROL NUMBER IDENTIFIER
control field OSt
005 - DATE AND TIME OF LATEST TRANSACTION
control field 20140315095942.0
008 - FIXED-LENGTH DATA ELEMENTS--GENERAL INFORMATION
fixed length control field 950209s1995 nyu j 000 1 eng
010 ## - LIBRARY OF CONGRESS CONTROL NUMBER
LC control number 95007091
020 ## - INTERNATIONAL STANDARD BOOK NUMBER
International Standard Book Number 0590690140
040 ## - CATALOGING SOURCE
Original cataloging agency DLC
Transcribing agency DLC
Modifying agency DLC
042 ## - AUTHENTICATION CODE
Authentication code lcac
050 00 - LIBRARY OF CONGRESS CALL NUMBER
Classification number PZ 7
Item number .C94137Wat 1998
100 1# - MAIN ENTRY--PERSONAL NAME
Personal name Curtis, Christopher Paul.
9 (RLIN) 5556
245 14 - TITLE STATEMENT
Title The Watsons go to Birmingham--1963 /
Statement of responsibility, etc Christopher Paul Curtis.
260 ## - PUBLICATION, DISTRIBUTION, ETC. (IMPRINT)
Place of publication, distribution, etc New York, NY :
Name of publisher, distributor, etc Scholastic Inc.,
Date of publication, distribution, etc 1998.
300 ## - PHYSICAL DESCRIPTION
Extent 210 p. ;
Dimensions 22 cm.
521 ## - TARGET AUDIENCE NOTE
Target audience note
526 ## - STUDY PROGRAM INFORMATION NOTE
Reading level 1000
650 #0 - SUBJECT ADDED ENTRY--TOPICAL TERM
Topical term or geographic name as entry element African Americans
Form subdivision Juvenile fiction.
9 (RLIN) 25885
650 #1 - SUBJECT ADDED ENTRY--TOPICAL TERM
Topical term or geographic name as entry element African Americans
Form subdivision Fiction.
9 (RLIN) 25886
650 #1 - SUBJECT ADDED ENTRY--TOPICAL TERM
Topical term or geographic name as entry element Family life
Form subdivision Fiction.
9 (RLIN) 25887
650 #1 - SUBJECT ADDED ENTRY--TOPICAL TERM
Topical term or geographic name as entry element Prejudices
Form subdivision Fiction.
9 (RLIN) 25888
650 #1 - SUBJECT ADDED ENTRY--TOPICAL TERM
Topical term or geographic name as entry element Brothers and sisters
Form subdivision Fiction.
9 (RLIN) 25889
651 #1 - SUBJECT ADDED ENTRY--GEOGRAPHIC NAME
Geographic name Flint (Mich.)
Form subdivision Fiction.
9 (RLIN) 25890
856 42 - ELECTRONIC LOCATION AND ACCESS
Materials specified Publisher description
Uniform Resource Identifier <a href="http://www.loc.gov/catdir/description/random0415/95007091.html">http://www.loc.gov/catdir/description/random0415/95007091.html</a>
856 42 - ELECTRONIC LOCATION AND ACCESS
Materials specified Contributor biographical information
Uniform Resource Identifier <a href="http://www.loc.gov/catdir/enhancements/fy0703/95007091-b.html">http://www.loc.gov/catdir/enhancements/fy0703/95007091-b.html</a>
906 ## - LOCAL DATA ELEMENT F, LDF (RLIN)
a 7
b cbc
c orignew
d 1
e ocip
f 19
g y-gencatlg
942 ## - ADDED ENTRY ELEMENTS (KOHA)
Source of classification or shelving scheme Library of Congress Classification
Koha item type Books
Holdings
Withdrawn status Lost status Source of classification or shelving scheme Damaged status Home library Current library Shelving location Date acquired Total Checkouts Full call number Barcode Date last seen Copy number Price effective from Koha item type
    Library of Congress Classification   Munich Library Munich Library Scholastic Reading Center Section 03/15/2014   PZ 7 .C94137Wat 1998 MS3088 03/15/2014 1 03/15/2014 Books

The Watsons go to Birmingham--1963 /

APA

Curtis C. P., . (1998). The Watsons go to Birmingham--1963. New York, NY: Scholastic Inc.

Chicago

Curtis Christopher Paul, . 1998. The Watsons go to Birmingham--1963. New York, NY: Scholastic Inc.

Harvard

Curtis C. P., . (1998). The Watsons go to Birmingham--1963. New York, NY: Scholastic Inc.

MLA

Curtis Christopher Paul, . The Watsons go to Birmingham--1963. New York, NY: Scholastic Inc. 1998.

  • Place hold
  • Print
  • Cite
  • Add to your cart (remove)
  • Save record
    BIBTEX Dublin Core MARCXML MARC (non-Unicode/MARC-8) MARC (Unicode/UTF-8) MARC (Unicode/UTF-8, Standard) MODS (XML) RIS
  • More searches
    Search for this title in:
    Other Libraries (WorldCat) Other Databases (Google Scholar) Online Stores (Bookfinder.com) Open Library (openlibrary.org)

Exporting to Dublin Core...

SOUTHVILLE LIBRARY

Southville International School and Colleges Library

1281 Tropical Ave. Cor. Luxembourg St., BF Homes International, Las Pinas City

Tel. No. 8256374 / 252358 Loc. 117/146

Powered by Koha